书目信息 |
| 题名: |
随机振动的基本理论与应用
|
|
| 作者: | 甘幼琛 , 谢世浩 编著 | |
| 分册: | ||
| 出版信息: | 长沙 湖南科学技术出版社 1982 |
|
| 页数: | 390页 | |
| 开本: | 19cm | |
| 丛书名: | ||
| 单 册: | ||
| 中图分类: | O322 | |
| 科图分类: | ||
| 主题词: | 随机振动--基础理论 , 振动理论 | |
| 电子资源: | ||
| ISBN: | ||
| 000 | 00707nam0 2200253 45 | |
| 001 | 0182001293 | |
| 005 | 20060815111231.37 | |
| 010 | @dCNY1.30 | |
| 091 | @a13204.52 | |
| 100 | @a19950627d1982 em y0chiy0121 ea | |
| 101 | 0 | @achi |
| 102 | @aCN@b430000 | |
| 105 | @ay z 000yy | |
| 200 | 10 | @a随机振动的基本理论与应用@Asui ji zhen dong de ji ben li lun yu ying yong@f甘幼琛,谢世浩编著 |
| 210 | @a长沙@c湖南科学技术出版社@d1982 | |
| 215 | @a390页@d19cm | |
| 606 | @a随机振动@x基础理论 | |
| 606 | 0 | @a振动理论 |
| 690 | @aO322 | |
| 701 | 0 | @a甘幼琛@Agan you chen@4编著 |
| 701 | 0 | @a谢世浩@Axie shi hao@4编著 |
| 801 | 0 | @aCN@b上海图书馆@c20060815 |
| 801 | 2 | @aCN@bNLC@c20060728 |
| 905 | @dO322@e6 | |
| 随机振动的基本理论与应用/甘幼琛,谢世浩编著.-长沙:湖南科学技术出版社,1982 |
| 390页;19cm |
| ISBN :CNY1.30 |
| ● |
| 相关链接 |
|
|
|
|
正题名:随机振动的基本理论与应用
索取号:O322/6
 
预约/预借
| 序号 | 登录号 | 条形码 | 馆藏地/架位号 | 状态 | 备注 |
| 1 | 0071998 | 000384113 | 第三借阅区/ [索取号:O322/6] | 在馆 | |
| 2 | 0071999 | 000384122 | 密集书库/ [索取号:O322/6] | 在馆 | |
| 3 | 0072000 | 000384104 | 密集书库/ [索取号:O322/6] | 在馆 | |
| 4 | 0072001 | 000384097 | 密集书库/ [索取号:O322/6] | 在馆 | |
| 5 | 0072002 | 000384088 | 第二样本阅览室/ [索取号:O322/6] | 在馆 | |
| 6 | 0442585 | 204425853 | 密集书库/ [索取号:O322/6] | 在馆 | |
| 7 | 0442586 | 204425862 | 密集书库/ [索取号:O322/6] | 在馆 | |
| 8 | 0442587 | 204425871 | 密集书库/ [索取号:O322/6] | 在馆 | |
| 9 | 0461535 | 204615354 | 密集书库/ [索取号:O322/6] | 在馆 | |
| 10 | 0461536 | 204615363 | 密集书库/ [索取号:O322/6] | 在馆 |